| 000 | 00749nam a22002057a 4500 | ||
|---|---|---|---|
| 999 |
_c2154 _d2154 |
||
| 003 | AR-CdUCM | ||
| 008 | 190304b ||||| |||| 00| 0 eng d | ||
| 040 |
_aMUNICIPALIDAD PROVINCIAL DEL CUSCO _cBIBLIOTECA MUNICIPAL DEL CUSCO |
||
| 082 |
_a980 / _bA34 |
||
| 100 |
_aAlbó, Xavier _97778 |
||
| 245 |
_aLa integración Surandina: _bcinco siglos despues / |
||
| 260 |
_aCusco : _bCBC, _c1996. |
||
| 300 |
_a506 páginas. _c20 cm. |
||
| 505 | _aContenido: Integracion -- Inversion -- obreza -- Mineria -- Principales rubros de inversion Extranjera -- Cacicazgos y despliegues de Pobres... | ||
| 650 |
_aProblematicas Surandinas _97779 |
||
| 650 |
_aRebates Regionales _97780 |
||
| 650 |
_aDebates Andinos _97781 |
||
| 942 |
_2ddc _cLIBROS |
||
| 945 | _artm | ||